00985nam a22002537a 4500003000400000005001700004008004100021022001300062040001800075082001600093110005200109245009500161260004400256300001500300440006000315440002300375440002300398440002300421440002300444440004300467650004700510650010400557650007000661OSt20240724142745.0240704b ||||| |||| 00| 0 eng d 209726527 cAIMIT LIBRARY a338.8bMARE aInstitute for Financial Management and Research aJournal of Emerging Market Finance /cBy Institute for Financial Management and Research.  aNew Delhi :bSage Publications ,c2019. bHBc22 cm. aJournal of Emerging Market Finance vVol.12 No.1-3/2013 vVol.13 No.1-3/2014 vVol.14 No.1-3/2015 vVol.17 No.1-3/2018 vVol.18 No.1-3/2019 vVol.15 No.1-3/2016, Vol.16 No.1-3/2017 aInformation Linkages among brics countries aStructural breaks in volatility transmission from developed markets to major Asian emerging markets aEmpirical examination of ipo underpricing between high technology